Betclic 1 Liga 24/25 - nagła śmierć - Statystyki

Ogólne statystyki
  • Ten quiz został rozwiązany 641 razy
  • Średni wynik to 10 z 18
Answers on the Grid
Answers color-coded by a green-red scale on the quiz's grid according to % correct below.
Polonia Warszawa
Chrobry Głogów
Motor Lublin
ŁKS Łódź
KKS Kalisz
GKS Katowice
Wisła Kraków
Stomil Olsztyn
Termalica Nieciecza
Śląsk Wrocław
Chojniczanka Chojnice
Kotwica Kołobrzeg
Hutnik Kraków
Górnik Łęczna
Warta Poznań
Stal Rzeszów
Puszcza Niepołomice
Odra Opole
GKS Tychy
Zagłębie Sosnowiec
Resovia Rzeszów
Polonia Bytom
Górnik Zabrze
arka gdynia
Korona Kielce
Stal Mielec
Wisła Płock
Podbeskidzie Bielsko-Biała
Lechia Gdańsk
Miedź Legnica
Stal Stalowa Wola
Radomiak Radom
Wieczysta Kraków
Znicz Pruszków
Pogoń Siedlce
Ruch Chorzów
 
Statystyki odpowiedzi
Odpowiedź % Poprawnych
Polonia Warszawa
87%
ŁKS Łódź
73%
Wisła Kraków
71%
Chrobry Głogów
68%
Termalica Nieciecza
60%
Kotwica Kołobrzeg
53%
Warta Poznań
53%
Górnik Łęczna
51%
GKS Tychy
50%
Stal Rzeszów
50%
Odra Opole
49%
arka gdynia
47%
Wisła Płock
47%
Znicz Pruszków
42%
Miedź Legnica
41%
Ruch Chorzów
41%
Pogoń Siedlce
37%
Stal Stalowa Wola
36%
Nie znaleziono quizów pasujących do podanych kryteriów
Rozkład punktacji
Procent ludzi z każdym wynikiem
Percentyl według liczby udzielonych odpowiedzi
Twoja historia wyników
Nie rozwiązałeś tego quizu